Online
Catalog

Lenguaje coloquial venezolano / (Record no. 11562)

MARC details
000 -CABECERA
campo de control de longitud fija 00928nam a2200229u 4500
001 - NÚMERO DE CONTROL
campo de control 000011892
005 - FECHA Y HORA DE LA ÚLTIMA TRANSACCIÓN
campo de control 20200929162615.0
008 - DATOS DE LONGITUD FIJA--INFORMACIÓN GENERAL
campo de control de longitud fija 831122s1969 ve ab 001 0 spa d
040 ## - FUENTE DE LA CATALOGACIÓN
Centro catalogador/agencia de origen DO-SdBNP
Centro/agencia transcriptor CarP
Centro/agencia modificador DLC
-- BNPHU
043 ## - CÓDIGO DE ÁREA GEOGRÁFICA
Código de área geográfica s-ve-
082 ## - NÚMERO DE LA CLASIFICACIÓN DECIMAL DEWEY
Número de clasificación NNNN
Número de documento/Ítem G569l
049 ## - FONDOS LOCALES (OCLC)
Fondos de biblioteca BNGR
100 1# - ENTRADA PRINCIPAL--NOMBRE DE PERSONA
Nombre de persona Gómez de Ivashevsky, Aura
9 (RLIN) 28111
245 10 - MENCIÓN DE TÍTULO
Título Lenguaje coloquial venezolano /
Mención de responsabilidad, etc. Aura Gómez de Ivashevsky ; presentación de Ángel Rosenblat.
260 ## - PUBLICACIÓN, DISTRIBUCIÓN, ETC.
Lugar de publicación, distribución, etc. Caracas, :
Nombre del editor, distribuidor, etc. Universidad Central de Venezuela, Facultad de Humanidades y Educación, Instituto de Filología "Andrés Bello",
Fecha de publicación, distribución, etc. 1969.
300 ## - DESCRIPCIÓN FÍSICA
Extensión 502 p. :
Otras características físicas illus., mapas ;
Dimensiones 23 cm.
504 ## - NOTA DE BIBLIOGRAFÍA, ETC.
Nota de bibliografía, etc. Incluye notas y referencias bibliográficas al pie de las páginas
500 ## - NOTA GENERAL
Nota general Incluey índice
650 #0 - PUNTO DE ACCESO ADICIONAL DE MATERIA--TÉRMINO DE MATERIA
Término de materia o nombre geográfico como elemento de entrada Spanish language
Subdivisión general Provincialisms
Subdivisión geográfica Venezuela. [From Old Catalog]
9 (RLIN) 27951
700 1# - PUNTO DE ACCESO ADICIONAL--NOMBRE DE PERSONA
Nombre de persona Rosenblat, Ángel,
Fechas asociadas al nombre 1902-1984
9 (RLIN) 27920
910 ## - DATOS DE OPCIÓN DEL USUARIO (OCLC)
Datos de opción del usuario Catalogación derivadas
Holdings
Estado de retiro Estado de pérdida Restricciones de uso No para préstamo Código de colección Localización permanente Ubicación/localización actual Ubicación en estantería Fecha de adquisición Número de inventario Total de préstamos Signatura topográfica completa Código de barras Fecha visto por última vez Número de copia Precio válido a partir de Tipo de ítem Koha
    Préstamo restringido Préstamo restrigido Monografías: Libros y Folletos General General En catalogación 29.10.2009 LF1   NNNN G569l 11892-10 25.06.2020 e. 1 25.06.2020 Préstamo interno
    Préstamo restringido Préstamo restrigido Monografías: Libros y Folletos General General En catalogación 29.10.2009 LF1   NNNN G569l 11892-20 25.06.2020 e. 2 25.06.2020 Préstamo interno

Powered by Koha